000 00678nam a2200241 4500
001 36143
010 _a9789722420396
021 _aPT
090 _a36143
100 _a20240325 pory50
101 0 _apor
102 _aPT
200 1 _aDestrava-lengas
_etrava-línguas e lengalengas
_fLuísa Ducla Soares
_gil. Helder Teixeira Peleja
210 9 _a[S.l.]
_cLivros Horizonte,
_d2022
215 _a37 p.
_cil.
_d27 cm
225 2 _aÁlbuns
675 _a087.5
_vBN
_zpor
675 _a398(=1:469)(0.053.5)
_vBN
_zpor
700 1 _aSoares,
_bLuísa Ducla,
_f1939-
_92431
702 1 _aPeleja,
_bHelder Teixeira,
_f1978-
_4440
801 0 _aPT
_bBN
_gRPC
990 _cLIVROS
994 _aCOMP